000 00729nam a2200253Ia 4500
003 OSt
005 20220926002458.0
006 a|||||r|||| 00| 0
007 ta
008 220923b |||||||| |||| 00| 0 eng d
037 _cGeneral Book
040 _aRTL
_cRTL
_beng
041 _2eng
_aeng
082 _aV2.H, L7.1
100 _aMajumdar A K
_941374
245 0 _aConcise history of Ancient India Vol.1.Political History
260 _a New Delhi
_bMunshiram Manoharlal India
_c1977
300 _axxviii,560p.
_ccm.
490 _vV1
500 _aBibliography p. 527-39; Index:P543-60
650 _aIndian Histroy
942 _hV2.H, L7.1
_cGB
_2CC
999 _c605187
_d605187